| 000 | 00000nam 2200000za 4500 |
| 001 | 9.800984 |
| 003 | CaOODSP |
| 005 | 20230201095212 |
| 007 | cr ||||||||||| |
| 008 | 150527s2015||||xxc|||||o f|0| 0 fre d |
| 020 | |a9780660023984 |
| 040 | |aCaOODSP|bfre |
| 043 | |an-cn--- |
| 086 | 1 |aPS64-125/2015F-PDF |
| 110 | 2 |aGendarmerie royale du Canada. |
| 245 | 10|aMobilisation et coordination des partenaires externes lors de l'incident sur la Colline du Parlement le 22 octobre 2014 |h[ressource électronique] : |bexamen récapitulatif |
| 260 | |aOttawa : |bGendarmerie royale du Canada,|c2015. |
| 300 | |a[2], 20 p. : |btables. |
| 500 | |aÉgalement disponible en anglais sous le titre : External engagement and coordination - Parliament Hill incident on October 22, 2014: after action review. |
| 500 | |a« Dans l’ensemble du document, les ***** indiquent que la partie correspondante du contenu a été caviardée conformément à la Loi sur l’accès à l’information, et à la Loi sur la protection des renseignements personnels. » -- page de titre. |
| 518 | |aLe 29 avril 2015. |
| 692 | 07|2gccst|aTerrorisme |
| 775 | 08|tExternal engagement and coordination |w(CaOODSP)9.800982 |
| 856 | 40|qPDF|s1056 Ko|uhttps://publications.gc.ca/collections/collection_2015/grc-rcmp/PS64-125-2015-fra.pdf |